[Event "DEM U10w 2023"]
[Site "Willingen GER"]
[Date "2023.06.03"]
[Round "11"]
[White "Buntin, Amelia Bernadette"]
[Black "Börner, Martha"]
[Result "0-1"]
[Termination "normal"]
[Board "21"]
[WhiteElo "737"]
[BlackElo "1086"]
[WhiteClock "01:04:50"]
[BlackClock "01:07:30"]
[PlyCount "106"]
[WhiteFideId "34649581"]
[BlackFideId "34665382"]
[EventCountry "GER"]
[EventRounds "11"]
[EventType "swiss"]
[EventDate "2023.05.27"]

1. e4 {[%clk 01:15:57]} {[%emt 00:00:02]} c5 {[%clk 01:15:51]} {[%emt
00:00:09]} 2. Nc3 {[%clk 01:16:21]} {[%emt 00:00:07]} Nc6 {[%clk 01:16:06]}
{[%emt 00:00:13]} 3. Nge2 {[%clk 01:16:42]} {[%emt 00:00:09]} d6 {[%clk
01:16:20]} {[%emt 00:00:17]} 4. g3 {[%clk 01:15:31]} {[%emt 00:01:41]} g6
{[%clk 01:16:34]} {[%emt 00:00:15]} 5. Bg2 {[%clk 01:15:43]} {[%emt 00:00:19]}
Bg7 {[%clk 01:16:51]} {[%emt 00:00:12]} 6. O-O {[%clk 01:16:02]} {[%emt
00:00:13]} Nf6 {[%clk 01:16:38]} {[%emt 00:00:43]} 7. d3 {[%clk 01:16:01]}
{[%emt 00:00:31]} Bd7 {[%clk 01:16:44]} {[%emt 00:00:22]} 8. h3 {[%clk
01:15:59]} {[%emt 00:00:33]} Qb6 {[%clk 01:16:42]} {[%emt 00:00:33]} 9. Nd5
{[%clk 01:15:56]} {[%emt 00:00:34]} Nxd5 {[%clk 01:15:13]} {[%emt 00:01:56]}
10. exd5 {[%clk 01:16:11]} {[%emt 00:00:17]} Ne5 {[%clk 01:14:56]} {[%emt
00:00:46]} 11. Re1 {[%clk 01:16:14]} {[%emt 00:00:26]} O-O {[%clk 01:13:55]}
{[%emt 00:01:32]} 12. Be3 {[%clk 01:13:37]} {[%emt 00:01:05]} Qxb2 {[%clk
01:12:40]} {[%emt 00:03:47]} 13. Qd2 {[%clk 01:12:45]} {[%emt 00:01:22]} Bxh3
{[%clk 01:11:24]} {[%emt 00:01:47]} 14. Bh6 {[%clk 01:11:15]} {[%emt 00:02:00]}
Rfc8 {[%clk 01:10:45]} {[%emt 00:01:08]} 15. Bxg7 {[%clk 01:11:27]} {[%emt
00:00:18]} Kxg7 {[%clk 01:11:00]} {[%emt 00:00:15]} 16. Rab1 {[%clk 01:10:03]}
{[%emt 00:01:54]} Qxa2 {[%clk 01:11:07]} {[%emt 00:00:24]} 17. Rxb7 {[%clk
01:10:22]} {[%emt 00:00:12]} Re8 {[%clk 01:10:37]} {[%emt 00:00:58]} 18. Nc3
{[%clk 01:10:01]} {[%emt 00:00:51]} Qa6 {[%clk 01:10:21]} {[%emt 00:00:45]} 19.
Rb5 {[%clk 01:08:41]} {[%emt 00:01:52]} Rab8 {[%clk 01:05:43]} {[%emt
00:05:07]} 20. Ra1 {[%clk 01:08:51]} {[%emt 00:00:21]} Qxa1+ {[%clk 01:05:17]}
{[%emt 00:00:56]} 21. Kh2 {[%clk 01:07:34]} {[%emt 00:01:47]} Bxg2 {[%clk
01:04:40]} {[%emt 00:01:06]} 22. Kxg2 {[%emt 00:00:15]} Rxb5 {[%emt 00:01:01]}
23. Nxb5 {[%clk 01:06:36]} {[%emt 00:00:13]} Qa2 {[%clk 01:04:16]} {[%emt
00:00:53]} 24. Nc7 {[%clk 01:06:25]} {[%emt 00:00:41]} Rc8 {[%clk 01:04:23]}
{[%emt 00:00:24]} 25. Nb5 {[%clk 01:06:29]} {[%emt 00:00:26]} Qxd5+ {[%clk
01:04:39]} {[%emt 00:00:13]} 26. Kf1 {[%clk 01:05:38]} {[%emt 00:01:21]} Qh1+
{[%clk 01:04:34]} {[%emt 00:00:36]} 27. Ke2 {[%clk 01:05:57]} {[%emt 00:00:11]}
Qb7 {[%clk 01:04:02]} {[%emt 00:01:02]} 28. Nc3 {[%clk 01:05:33]} {[%emt
00:00:55]} Qb4 {[%clk 01:04:02]} {[%emt 00:00:26]} 29. f4 {[%clk 01:05:53]}
{[%emt 00:00:13]} Ng4 {[%emt 00:01:44]} 30. Nd5 {[%clk 01:05:24]} Qxd2+ {[%clk
01:03:02]} {[%emt 00:01:15]} 31. Kxd2 {[%clk 01:05:41]} {[%emt 00:00:12]} e6
{[%clk 01:03:07]} {[%emt 00:00:25]} 32. Ne7 {[%clk 01:05:58]} {[%emt 00:00:14]}
Rc7 {[%clk 01:03:21]} {[%emt 00:00:15]} 33. Nd5 {[%clk 01:05:12]} {[%emt
00:01:02]} exd5 {[%clk 01:01:10]} {[%emt 00:02:55]} 34. c4 {[%clk 01:04:03]}
{[%emt 00:01:40]} dxc4 {[%clk 01:01:25]} {[%emt 00:00:14]} 35. dxc4 {[%clk
01:04:09]} {[%emt 00:00:23]} Rd7 {[%clk 01:01:37]} {[%emt 00:00:18]} 36. Ke2
{[%clk 01:04:13]} {[%emt 00:00:28]} d5 {[%clk 01:01:55]} {[%emt 00:00:12]} 37.
cxd5 {[%clk 01:04:06]} {[%emt 00:00:36]} Rxd5 {[%clk 01:02:17]} {[%emt
00:00:09]} 38. Kf3 {[%clk 01:04:35]} {[%emt 00:00:02]} c4 {[%clk 01:02:21]}
{[%emt 00:00:25]} 39. Kxg4 {[%emt 00:00:08]} c3 {[%emt 00:00:08]} 40. Kf3
{[%clk 01:04:31]} {[%emt 00:00:18]} c2 {[%clk 01:02:44]} {[%emt 00:00:06]} 41.
Ke4 {[%clk 01:04:50]} {[%emt 00:00:12]} c1=Q {[%clk 01:03:04]} {[%emt
00:00:10]} 42. Kxd5 {[%emt 00:00:20]} Kf6 {[%emt 00:00:19]} 43. Ke4 {[%clk
01:04:28]} {[%emt 00:00:14]} Qd2 {[%clk 01:03:21]} {[%emt 00:00:10]} 44. Kf3
{[%clk 01:04:51]} {[%emt 00:00:09]} Qe1 {[%clk 01:03:39]} {[%emt 00:00:10]} 45.
Kg2 {[%clk 01:05:12]} {[%emt 00:00:10]} Ke6 {[%clk 01:03:52]} {[%emt 00:00:19]}
46. Kh3 {[%emt 00:00:23]} a5 {[%emt 00:00:17]} 47. Kg4 {[%emt 00:00:12]} a4
{[%emt 00:00:07]} 48. Kg5 {[%clk 01:04:35]} {[%emt 00:00:07]} Qxg3+ {[%clk
01:04:13]} {[%emt 00:00:09]} 49. Kh6 {[%clk 01:04:52]} {[%emt 00:00:13]} Qxf4
{[%clk 01:04:34]} {[%emt 00:00:08]} 50. Kxh7 {[%emt 00:00:13]} a3 {[%emt
00:00:09]} 51. Kg7 {[%clk 01:04:52]} {[%emt 00:00:09]} a2 {[%clk 01:04:55]}
{[%emt 00:00:09]} 52. Kg8 {[%clk 01:05:09]} {[%emt 00:00:13]} a1=Q {[%clk
01:05:15]} {[%emt 00:00:39]} 53. Kf8 {[%clk 01:04:50]} {[%emt 00:01:43]} Qb8#
{[%clk 01:07:30]} {[%emt 00:00:14]} 0-1